Maggior Percentuale di vittorie in Formula 1 - Statistics

Statistiche generali
  • Questo quiz è stato fatto 64 volte
  • Il punteggio medio è 7 su 10
Statistiche sulle risposte
Nazione Pilota Stagioni Vittorie Gran premi vinti Percentuale di vittorie % Corretto
Regno Unito Lewis Hamilton 2007-2023 103 327 31,50%
98%
Paesi Bassi Max Verstappen 2015-2023 49 180 27,22%
98%
Argentina Juan Manuel Fangio 1950-1951, 1953-1958 24 51 47,06%
97%
Germania Michael Schumacher 1991-2006, 2010-2012 91 306 29,74%
97%
Italia Alberto Ascari 1950-1955 13 32 40,63%
95%
Francia Alain Prost 1980-1991, 1993 51 199 25,63%
94%
Regno Unito Jim Clark 1960-1968 25 72 34,72%
74%
Regno Unito Jackie Stewart 1965-1973 27 99 27,27%
48%
Stati Uniti Bill Vukovich 1951-1955 2 5 40,00%
10%
Stati Uniti Lee Wallard 1950-1951 1 2 50,00%
6%
Nessun quiz corrispondente trovato
Distribuzione punteggi
Percentuale di utenti per punteggio
Percentile per numero di risposta
I tuoi punteggi nel tempo
Non hai fatto questo quiz